[Event "Chess24 Banter Blitz Cup"]
[Site "chess24.com INT"]
[Date "2020.02.17"]
[Round "3.2"]
[White "Sjugirov, Sanan"]
[Black "Cori, Jorge"]
[Result "0-1"]
[WhiteTitle "GM"]
[BlackTitle "GM"]
[WhiteElo "2662"]
[BlackElo "2671"]
[WhiteFideId "4189302"]
[BlackFideId "3802272"]
[EventDate "2019.09.25"]
[EventType "blitz"]

1. e4 c5 2. Nf3 e6 3. d4 cxd4 4. Nxd4 Nc6 5. Nc3 Qc7 6. g3 a6 7. Bg2 d6 8. O-O
Bd7 9. Re1 Nf6 10. Nxc6 Bxc6 11. a4 Be7 12. a5 O-O 13. Be3 Rfe8 14. Bb6 Qc8 15.
Qd2 Nd7 16. Bd4 Qc7 17. b3 Rac8 18. Rec1 h6 19. h4 Bf6 20. Bxf6 Nxf6 21. Qd3
Red8 22. Qd4 Be8 23. Nd1 d5 24. e5 Nd7 25. f4 Qc5 26. c3 Nb8 27. Qxc5 Rxc5 28.
b4 Rc7 29. Rc2 Rdc8 30. Rd2 Bb5 31. Bf1 Bxf1 32. Kxf1 Nc6 33. Rb1 Na7 34. Rb3
Nb5 35. Rd3 g5 36. hxg5 hxg5 37. Ke2 Kg7 38. fxg5 Kg6 39. Kd2 Kf5 40. Re3 d4 41.
cxd4 Nxd4 42. Rb2 Kxg5 43. Re4 Rd8 44. Ke1 Rc1 45. Re3 Nf5 46. Rd2 Rxd2 47. Kxd2
Rxd1+ 0-1

[Event "Chess24 Banter Blitz Cup"]
[Site "chess24.com INT"]
[Date "2020.02.17"]
[Round "3.3"]
[White "Cori, Jorge"]
[Black "Sjugirov, Sanan"]
[Result "1-0"]
[WhiteTitle "GM"]
[BlackTitle "GM"]
[WhiteElo "2671"]
[BlackElo "2662"]
[WhiteFideId "3802272"]
[BlackFideId "4189302"]
[EventDate "2019.09.25"]
[EventType "blitz"]

1. d4 Nf6 2. Nf3 d5 3. Bg5 Ne4 4. Bf4 c5 5. c3 Nc6 6. e3 Bg4 7. Be2 e6 8. O-O
Bd6 9. Bxd6 Qxd6 10. Nbd2 Nxd2 11. Nxd2 Bxe2 12. Qxe2 O-O 13. Rad1 cxd4 14. exd4
Rab8 15. f4 Rfe8 16. Rde1 g6 17. Nf3 b5 18. b4 a5 19. a3 Rec8 20. Ne5 axb4 21.
axb4 Ne7 22. Rf3 Rc7 23. h3 Qb6 24. g4 Rbc8 25. Rc1 Nc6 26. Nxc6 Rxc6 27. Kg2
Rc4 28. Kg3 Rxd4 29. Qe3 1-0

[Event "Chess24 Banter Blitz Cup"]
[Site "chess24.com INT"]
[Date "2020.02.17"]
[Round "3.4"]
[White "Sjugirov, Sanan"]
[Black "Cori, Jorge"]
[Result "1-0"]
[WhiteTitle "GM"]
[BlackTitle "GM"]
[WhiteElo "2662"]
[BlackElo "2671"]
[WhiteFideId "4189302"]
[BlackFideId "3802272"]
[EventDate "2019.09.25"]
[EventType "blitz"]

1. d4 Nf6 2. c4 e6 3. Nf3 Bb4+ 4. Nbd2 O-O 5. a3 Bxd2+ 6. Qxd2 b6 7. e3 Bb7 8.
b3 d6 9. Bb2 Nbd7 10. Be2 Ne4 11. Qc2 f5 12. Rd1 Ng5 13. h4 Nxf3+ 14. gxf3 Qe7
15. h5 Rf7 16. h6 g6 17. b4 a5 18. b5 Re8 19. Qc3 Qf6 20. Rh3 Kf8 21. f4 Kg8 22.
Kd2 Qe7 23. Kc1 Nf6 24. f3 d5 25. c5 c6 26. Kb1 cxb5 27. Bxb5 Rc8 28. Rc1 bxc5
29. dxc5 Bc6 30. a4 Qb7 31. Qxa5 Ra8 32. Qb6 Qxb6 33. cxb6 Bxb5 34. axb5 Rb8 35.
Rh2 Nd7 36. Rc6 Nxb6 37. Be5 Rbb7 38. Ra2 Nc4 39. Ra8+ Rf8 40. Rxf8+ Kxf8 41.
Bg7+ Kf7 42. Bd4 Rxb5+ 43. Kc2 Rb7 44. Rc8 g5 45. fxg5 e5 46. Bc5 Kg6 47. Rg8+
Kh5 48. Rg7 Rb5 49. g6 Kxh6 50. Rxh7+ Kxg6 51. Rc7 Rb2+ 52. Kc3 Rb5 53. e4 Kh5
54. exd5 Nd6 55. Bxd6 Rxd5 56. Rh7+ Kg6 57. Rd7 Rxd6 58. Kc4 1-0

[Event "Chess24 Banter Blitz Cup"]
[Site "chess24.com INT"]
[Date "2020.02.17"]
[Round "3.5"]
[White "Cori, Jorge"]
[Black "Sjugirov, Sanan"]
[Result "0-1"]
[WhiteTitle "GM"]
[BlackTitle "GM"]
[WhiteElo "2671"]
[BlackElo "2662"]
[WhiteFideId "3802272"]
[BlackFideId "4189302"]
[EventDate "2019.09.25"]
[EventType "blitz"]

1. d4 Nf6 2. Nf3 d5 3. c3 Bf5 4. Bf4 e6 5. e3 Nbd7 6. Bd3 Be7 7. Bxf5 exf5 8.
O-O O-O 9. Nbd2 c6 10. h3 Re8 11. c4 dxc4 12. Nxc4 Ne4 13. Bh2 Bf8 14. Qb3 Nb6
15. Rac1 Nxc4 16. Rxc4 Qb6 17. Qc2 g6 18. Rd1 Rad8 19. Qc1 Qa6 20. a3 Bg7 21.
Be5 Bxe5 22. Nxe5 Rxe5 23. f3 Ng3 24. dxe5 Rxd1+ 25. Qxd1 Qxc4 26. Qd8+ Kg7 27.
Kf2 Nh5 28. g4 Qc2+ 29. Kg1 Qc1+ 30. Kf2 Qxb2+ 31. Kg1 fxg4 32. hxg4 Qxe5 33.
gxh5 Qg3+ 34. Kf1 Qxf3+ 0-1

[Event "Chess24 Banter Blitz Cup"]
[Site "chess24.com INT"]
[Date "2020.02.17"]
[Round "3.6"]
[White "Sjugirov, Sanan"]
[Black "Cori, Jorge"]
[Result "1-0"]
[WhiteTitle "GM"]
[BlackTitle "GM"]
[WhiteElo "2662"]
[BlackElo "2671"]
[WhiteFideId "4189302"]
[BlackFideId "3802272"]
[EventDate "2019.09.25"]
[EventType "blitz"]

1. d4 d5 2. c4 c6 3. Nf3 Nf6 4. e3 Bg4 5. Qb3 Qb6 6. Nc3 Bxf3 7. gxf3 e6 8. e4
Nbd7 9. Be3 Be7 10. Rg1 g6 11. O-O-O Qxb3 12. axb3 a6 13. Kc2 O-O 14. Bg5 Rfe8
15. Bh3 Rad8 16. Rge1 Nb6 17. exd5 cxd5 18. c5 Nc8 19. b4 Na7 20. Bf1 Nh5 21.
Be3 Bf6 22. b5 axb5 23. Nxb5 Nc6 24. f4 Ng7 25. Nd6 Rxd6 26. cxd6 Nf5 27. Bb5
Rd8 28. Bxc6 bxc6 29. Kd3 Nxd6 30. Rc1 Rb8 31. Re2 Nc4 32. Rb1 Rb3+ 33. Kc2 Rb4
34. Kc1 Rb3 35. Kc2 Rb7 36. Kc3 Nd6 37. Kd3 Rb3+ 38. Kc2 Rb4 39. b3 Nb5 40. Ra1
Nxd4+ 41. Bxd4 Bxd4 42. Ra8+ Kg7 43. Ra4 c5 44. Rxb4 cxb4 45. Kd3 Bc3 46. f3 Kf6
47. f5 Kxf5 48. Rg2 f6 49. Ke2 h5 50. h3 g5 51. Rg1 h4 52. Rh1 e5 53. Rg1 e4 54.
Rd1 Ke5 55. Ke3 d4+ 56. Ke2 f5 57. fxe4 d3+ 58. Kxd3 fxe4+ 59. Kc4 g4 60. Rd5+
Kf4 61. Rh5 Kg3 62. Rxh4 1-0

[Event "Chess24 Banter Blitz Cup"]
[Site "chess24.com INT"]
[Date "2020.02.17"]
[Round "3.7"]
[White "Cori, Jorge"]
[Black "Sjugirov, Sanan"]
[Result "0-1"]
[WhiteTitle "GM"]
[BlackTitle "GM"]
[WhiteElo "2671"]
[BlackElo "2662"]
[WhiteFideId "3802272"]
[BlackFideId "4189302"]
[EventDate "2019.09.25"]
[EventType "blitz"]

1. d4 Nf6 2. Nf3 d5 3. g3 Bf5 4. c3 e6 5. Bg2 h6 6. O-O Nbd7 7. Nbd2 Be7 8. e3
O-O 9. Qe2 c5 10. Re1 Bh7 11. h3 Rc8 12. g4 Ne4 13. Nxe4 Bxe4 14. Qf1 Bd6 15.
Nd2 Bh7 16. f4 Qc7 17. Nf3 cxd4 18. Nxd4 a6 19. Bd2 Nc5 20. f5 Bh2+ 21. Kh1 Bg3
22. Re2 Rce8 23. Be1 Bd6 24. Bh4 Qd7 25. Rd1 Bb8 26. Bf3 Qc7 27. Rg2 Kh8 28. Bg3
Qe7 29. Bxb8 Rxb8 30. Re1 Rbe8 31. Kg1 Qc7 32. Bd1 f6 33. Bb3 Bg8 34. Bc2 e5 35.
Nf3 Qb6 36. Bb1 Bh7 37. h4 Ne4 38. Bxe4 dxe4 39. Nd2 Qc6 40. Qc4 Qb6 41. Nxe4
Bg8 42. Qc5 Qd8 43. Rd2 Qb8 44. Ng3 Rd8 45. Red1 Rxd2 46. Rxd2 Rd8 47. Rxd8 Qxd8
48. Kf2 Qd2+ 49. Ne2 Qxb2 50. a3 b5 51. Qc8 Qc2 52. g5 fxg5 53. hxg5 hxg5 54.
Ke1 g4 55. Ng3 Qc1+ 56. Kf2 Qc2+ 57. Ke1 Qc1+ 58. Kf2 Qd1 59. Ne2 Qh1 60. Qd8
Qf3+ 61. Ke1 Qh1+ 62. Kd2 Qh2 63. f6 Qh6 64. fxg7+ Kxg7 65. Qe7+ Bf7 66. Qxe5+
Qf6 67. Qg3 Qg5 68. Qf4 Qd5+ 0-1

[Event "Chess24 Banter Blitz Cup"]
[Site "chess24.com INT"]
[Date "2020.02.17"]
[Round "3.8"]
[White "Sjugirov, Sanan"]
[Black "Cori, Jorge"]
[Result "1-0"]
[WhiteTitle "GM"]
[BlackTitle "GM"]
[WhiteElo "2662"]
[BlackElo "2671"]
[WhiteFideId "4189302"]
[BlackFideId "3802272"]
[EventDate "2019.09.25"]
[EventType "blitz"]

1. d4 d5 2. c4 c6 3. Nf3 Nf6 4. e3 g6 5. Nc3 Bg7 6. Be2 O-O 7. O-O a6 8. Bd2 Bg4
9. cxd5 Nxd5 10. h3 Bxf3 11. Bxf3 e6 12. Qb3 b5 13. a4 Nd7 14. Rfc1 Rb8 15. axb5
axb5 16. Nxd5 cxd5 17. Be2 Rb7 18. Rc6 Nf6 19. Bb4 Qd7 20. Rd6 Qc7 21. Rda6 Rfb8
22. Bd6 Qd8 23. Bxb8 Rxb8 24. Bxb5 Ne4 25. Qa4 Qh4 26. Rf1 Qd8 27. Bc6 Bf8 28.
Ra8 Kg7 29. Rxb8 Qxb8 30. Bb5 Bd6 31. Bd3 Nd2 32. Rd1 Qxb2 33. Qc2 Qxc2 34. Bxc2
Nc4 35. Bb3 Nb6 36. Rc1 Nd7 37. Rc6 Bf8 38. Rc7 Nf6 39. Ba4 g5 40. Rb7 Kg6 41.
g3 h5 42. Kg2 Bd6 43. f4 g4 44. hxg4 hxg4 45. Bc2+ Kg7 46. Rb6 Bc7 47. Rb1 Bd6
48. Kf2 Bf8 49. Ke2 Bd6 50. Kf2 Be7 51. f5 exf5 52. Bxf5 Bd6 53. Bd3 Nh5 54. Rb5
Nf6 55. Kg2 Kf8 56. Bc2 Ke7 57. Bb3 Ne4 58. Bxd5 Nxg3 59. Rb7+ Ke8 60. Rxf7 Nh5
61. Rf5 Ng7 62. Rf6 Ke7 63. Rf7+ Ke8 64. Rxg7 Bf8 65. Rxg4 Be7 66. Kf3 Kf8 67.
e4 Bf6 68. Kf4 Bxd4 69. e5 Ke7 70. Kf5 Bxe5 71. Re4 Kf8 72. Rxe5 Kg7 73. Ke4 Kh6
74. Rf5 Kg6 75. Ke5 Kg7 76. Ke6 Kh6 77. Be4 Kg6 78. Re5+ Kg7 79. Ke7 Kg8 80. Ke6
Kh8 81. Rd5 Kg7 82. Rd6 1-0

[Event "Chess24 Banter Blitz Cup"]
[Site "chess24.com INT"]
[Date "2020.02.17"]
[Round "3.9"]
[White "Cori, Jorge"]
[Black "Sjugirov, Sanan"]
[Result "0-1"]
[WhiteTitle "GM"]
[BlackTitle "GM"]
[WhiteElo "2671"]
[BlackElo "2662"]
[WhiteFideId "3802272"]
[BlackFideId "4189302"]
[EventDate "2019.09.25"]
[EventType "blitz"]

1. d4 Nf6 2. Nf3 d5 3. g3 Bf5 4. Bg2 e6 5. c3 Be7 6. O-O Nbd7 7. Nbd2 h6 8. Ne5
O-O 9. f4 c5 10. e3 Rc8 11. h3 Bh7 12. g4 Ne4 13. Nxe4 Bxe4 14. Qe2 Bxg2 15.
Qxg2 Nxe5 16. fxe5 f6 17. exf6 Bxf6 18. Bd2 Qb6 19. Be1 Bg5 20. Rxf8+ Rxf8 21.
Qe2 Qa6 22. Qxa6 Bxe3+ 23. Kg2 bxa6 24. dxc5 Bxc5 25. Bg3 Kf7 26. Be5 g6 27. Re1
Ke7 28. Re2 h5 29. Kg3 hxg4 30. hxg4 Bd6 31. Bxd6+ Kxd6 32. Kh4 Rf1 33. Kg5 Rg1
34. Rf2 a5 35. Rf7 Rg2 36. Rxa7 Rxb2 37. Rxa5 Rc2 38. Kxg6 Rxc3 39. g5 d4 40.
Kf7 Rf3+ 41. Ke8 e5 42. g6 Rg3 43. Ra6+ Kd5 44. Ke7 d3 45. Rd6+ Kc4 46. a4 e4
47. a5 e3 48. a6 e2 49. Re6 Rxg6 50. Re4+ Kd5 51. a7 Ra6 52. Re3 Rxa7+ 53. Kf6
Kd4 54. Rg3 Ra1 55. Rg4+ Kc3 56. Rg1 e1=Q 57. Rxe1 Rxe1 58. Kf5 d2 59. Kg4 d1=Q+
60. Kf4 Qd2+ 61. Kf5 Qe2 62. Kf4 Rf1+ 63. Kg5 Qf2 64. Kg4 Qg2+ 65. Kh4 Rh1# 0-1

[Event "Chess24 Banter Blitz Cup"]
[Site "chess24.com INT"]
[Date "2020.02.17"]
[Round "3.10"]
[White "Sjugirov, Sanan"]
[Black "Cori, Jorge"]
[Result "1-0"]
[WhiteTitle "GM"]
[BlackTitle "GM"]
[WhiteElo "2662"]
[BlackElo "2671"]
[WhiteFideId "4189302"]
[BlackFideId "3802272"]
[EventDate "2019.09.25"]
[EventType "blitz"]

1. d4 d5 2. c4 c6 3. Nf3 Nf6 4. e3 e6 5. Bd3 Bd6 6. b3 O-O 7. Bb2 Nbd7 8. Nbd2
Re8 9. Ne5 c5 10. O-O b6 11. Qe2 Bb7 12. f4 Rc8 13. Rad1 Qc7 14. cxd5 exd5 15.
g4 Ne4 16. Nxe4 dxe4 17. Bc4 Re7 18. Nxd7 Rxd7 19. g5 Bf8 20. h4 Rcd8 21. Rc1
Bd5 22. Bxd5 Rxd5 23. Rc2 Qd7 24. Rfc1 Qf5 25. Kg2 h6 26. Kg3 Kh7 27. Qg4 Qg6
28. h5 Qd6 29. dxc5 bxc5 30. Be5 Rxe5 31. fxe5 Qxe5+ 32. Kg2 hxg5 33. Rf1 Qe7
34. Rcf2 f6 35. Qf5+ Kg8 36. Qg6 Qf7 37. Rxf6 Qxg6 38. Rxg6 Rd2+ 39. Kg3 Re2 40.
Rc6 Rxe3+ 41. Kg4 Be7 42. Rc8+ Kh7 43. Rc7 Bd6 44. Rd7 Bf4 45. Kf5 Rg3 46. Rh1
e3 47. h6 Rf3 48. Rxg7+ Kh8 49. Kg6 Be5 50. Rd7 Kg8 51. Rd8+ Rf8 52. h7+ 1-0

[Event "Chess24 Banter Blitz Cup"]
[Site "chess24.com INT"]
[Date "2020.02.17"]
[Round "3.11"]
[White "Cori, Jorge"]
[Black "Sjugirov, Sanan"]
[Result "1-0"]
[WhiteTitle "GM"]
[BlackTitle "GM"]
[WhiteElo "2671"]
[BlackElo "2662"]
[WhiteFideId "3802272"]
[BlackFideId "4189302"]
[EventDate "2019.09.25"]
[EventType "blitz"]

1. c3 Nf6 2. d4 d5 3. Bf4 Bf5 4. Nd2 e6 5. h3 Nbd7 6. g4 Bg6 7. Bg2 Bd6 8. Bxd6
cxd6 9. e3 h6 10. Ne2 b5 11. Ng3 Rb8 12. O-O O-O 13. Rc1 Nb6 14. b3 Rc8 15. f4
Re8 16. f5 Bh7 17. Qf3 Qe7 18. e4 dxe4 19. Ndxe4 Nxe4 20. Nxe4 exf5 21. gxf5 Nd5
22. Qg3 Red8 23. f6 Qf8 24. c4 bxc4 25. bxc4 Bxe4 26. Bxe4 Nb6 27. Bd3 Kh8 28.
Rc2 g6 29. h4 Re8 30. h5 gxh5 31. Rg2 Nxc4 32. Qf4 Ne3 33. Rg7 Ng4 34. Qf5 Nxf6
35. Rh7+ 1-0

[Event "Chess24 Banter Blitz Cup"]
[Site "chess24.com INT"]
[Date "2020.02.17"]
[Round "3.12"]
[White "Sjugirov, Sanan"]
[Black "Cori, Jorge"]
[Result "1-0"]
[WhiteTitle "GM"]
[BlackTitle "GM"]
[WhiteElo "2662"]
[BlackElo "2671"]
[WhiteFideId "4189302"]
[BlackFideId "3802272"]
[EventDate "2019.09.25"]
[EventType "blitz"]

1. d4 Nf6 2. c4 g6 3. Nc3 Bg7 4. e4 d6 5. f3 O-O 6. Nge2 e5 7. Bg5 h6 8. Be3 Nc6
9. d5 Ne7 10. Qd2 Kh7 11. g4 Nd7 12. Ng3 c6 13. h4 cxd5 14. cxd5 a6 15. h5 g5
16. Be2 b5 17. Kf2 Bb7 18. Rhc1 Rc8 19. Kg2 Bf6 20. Nd1 Rxc1 21. Rxc1 Qb8 22.
Bf2 Rc8 23. Ne3 Rxc1 24. Qxc1 Nc8 25. Ngf5 Bd8 26. b4 Qc7 27. Qxc7 Bxc7 28. Kf1
Ncb6 29. Ke1 Na4 30. Kd2 Ndb6 31. Kc2 Nc8 32. Nd1 Bb6 33. Bxb6 Naxb6 34. Nc3 Ba8
35. Kb3 Bb7 36. a4 bxa4+ 37. Nxa4 Nd7 38. Nb2 Ndb6 39. Nc4 Nxc4 40. Bxc4 f6 41.
Bd3 Bxd5+ 42. exd5 1-0

[Event "Chess24 Banter Blitz Cup"]
[Site "chess24.com INT"]
[Date "2020.02.28"]
[Round "2.1"]
[White "Oleksiyenko, Mykhaylo"]
[Black "Firouzja, Alireza"]
[Result "0-1"]
[WhiteTitle "GM"]
[BlackTitle "GM"]
[WhiteElo "2594"]
[BlackElo "2702"]
[WhiteFideId "4152417"]
[BlackFideId "12573981"]
[EventDate "2019.09.25"]
[EventType "blitz"]

1. e4 d5 2. exd5 Qxd5 3. Nc3 Qd6 4. d4 Nf6 5. Nf3 a6 6. g3 Bg4 7. Bg2 e6 8. O-O
Nc6 9. h3 Bh5 10. Ne2 O-O-O 11. Nf4 Bxf3 12. Qxf3 Qxd4 13. Be3 Qb4 14. c3 Qb5
15. a4 Qb3 16. Ne2 Ne5 17. Qf4 Bd6 18. Nd4 Qc4 19. b3 Qd3 20. Rfd1 Qg6 21. Qg5
Qxg5 22. Bxg5 h6 23. Be3 Rd7 24. c4 Rhd8 25. Ne2 Bb4 26. Rxd7 Rxd7 27. f4 Nd3
28. Rd1 c6 29. Kf1 Nc5 30. Rxd7 Nfxd7 31. Nd4 Bc3 32. Ke2 f6 33. h4 Bxd4 34.
Bxd4 Nxb3 35. Bc3 a5 36. Bh3 Ndc5 37. Ke3 Kd7 38. f5 e5 0-1

[Event "Chess24 Banter Blitz Cup"]
[Site "chess24.com INT"]
[Date "2020.02.28"]
[Round "2.2"]
[White "Firouzja, Alireza"]
[Black "Oleksiyenko, Mykhaylo"]
[Result "1-0"]
[WhiteTitle "GM"]
[BlackTitle "GM"]
[WhiteElo "2702"]
[BlackElo "2594"]
[WhiteFideId "12573981"]
[BlackFideId "4152417"]
[EventDate "2019.09.25"]
[EventType "blitz"]

1. Nh3 d5 2. g3 e5 3. d4 e4 4. c4 dxc4 5. Nc3 Nf6 6. Bg5 Nbd7 7. Bg2 h6 8. Bd2
Nb6 9. Qc2 Bf5 10. e3 Qd7 11. Nf4 g5 12. Nfe2 Qe6 13. a4 a6 14. a5 Nbd5 15. Nxd5
Qxd5 16. O-O Bd6 17. Ra4 O-O 18. Rxc4 c6 19. b3 Rfe8 20. Nc3 Qe6 21. Na4 Rad8
22. Nc5 Qe7 23. Bb4 Nd5 24. Ba3 h5 25. Qc1 h4 26. Qd1 h3 27. Bh1 g4 28. Qc1 Bxc5
29. dxc5 Qe6 30. Bb2 f6 31. Bd4 Kf7 32. Qb2 Nc7 33. Rcc1 Nb5 34. Rfd1 Rd5 35.
Rd2 Red8 36. Re1 Qd7 37. Red1 Qe6 38. b4 Qd7 39. Kf1 Qe6 40. Ke1 Qd7 41. Rc1 Qe6
42. Kf1 Qd7 43. Kg1 Nxd4 44. exd4 Rxd4 45. Rxd4 Qxd4 46. Qe2 Qd2 47. Qxd2 Rxd2
48. Re1 Ke6 49. Bxe4 Bxe4 50. Rxe4+ Kd5 51. Re1 Rb2 52. Rf1 Rxb4 53. f3 f5 54.
fxg4 fxg4 55. Rf5+ Kc4 56. Rf8 Kb5 57. Kf2 Kxa5 58. Ke3 Kb5 59. Rb8 a5 60. Rxb7+
Kxc5 61. Ra7 a4 62. Ra5+ Kc4 63. Rg5 Kb3 64. Rxg4 a3 65. Rg5 a2 66. Rc5 Kb2 67.
Re5 a1=Q 68. Re6 Qe1+ 69. Kf3 1-0

[Event "Chess24 Banter Blitz Cup"]
[Site "chess24.com INT"]
[Date "2020.02.28"]
[Round "2.3"]
[White "Oleksiyenko, Mykhaylo"]
[Black "Firouzja, Alireza"]
[Result "0-1"]
[WhiteTitle "GM"]
[BlackTitle "GM"]
[WhiteElo "2594"]
[BlackElo "2702"]
[WhiteFideId "4152417"]
[BlackFideId "12573981"]
[EventDate "2019.09.25"]
[EventType "blitz"]

1. Nf3 d5 2. g3 Nd7 3. Bg2 e5 4. d3 c6 5. O-O Ngf6 6. Nbd2 Bd6 7. e4 O-O 8. b3
Re8 9. Bb2 Nf8 10. Re1 Ng6 11. h3 d4 12. c3 c5 13. cxd4 cxd4 14. Nc4 Bc7 15. a4
h6 16. Ba3 Be6 17. Rc1 Qd7 18. Kh2 Rac8 19. Qd2 b6 20. b4 Qxa4 21. Qd1 Qxd1 22.
Rexd1 b5 23. Na5 Nd7 24. Nc6 Bb6 25. h4 Bg4 26. Rd2 Rc7 27. Rdc2 Rec8 28. Ne1 h5
29. f3 Be6 30. Bh3 Bxh3 31. Kxh3 Kf8 32. Ng2 Ne7 33. Nxe7 Kxe7 34. Rxc7 Rxc7 35.
Rxc7 Bxc7 36. g4 g6 37. gxh5 gxh5 38. Kg3 Bd6 39. Ne1 a5 40. Nc2 a4 41. Bc1 f6
42. Bd2 Nb8 43. Na3 Nc6 44. Nc2 Ke6 45. Kf2 f5 46. Kg2 Be7 47. Kh3 f4 48. Be1
Kd7 49. Kg2 Kc7 50. Kf1 Kb6 51. Ke2 a3 52. Nxa3 Nxb4 53. Nb1 Nc2 54. Bf2 Ne3 55.
Nd2 Ng2 0-1

[Event "Chess24 Banter Blitz Cup"]
[Site "chess24.com INT"]
[Date "2020.02.28"]
[Round "2.4"]
[White "Firouzja, Alireza"]
[Black "Oleksiyenko, Mykhaylo"]
[Result "1-0"]
[WhiteTitle "GM"]
[BlackTitle "GM"]
[WhiteElo "2702"]
[BlackElo "2594"]
[WhiteFideId "12573981"]
[BlackFideId "4152417"]
[EventDate "2019.09.25"]
[EventType "blitz"]

1. Nh3 e5 2. g3 d5 3. d4 e4 4. c4 dxc4 5. Nc3 Nf6 6. Bg5 Nbd7 7. f3 exf3 8. e4
h6 9. Be3 Bb4 10. Qxf3 O-O 11. e5 Nxe5 12. dxe5 Bg4 13. Qf4 Nd5 14. Qxg4 Nxe3
15. Qe4 Bc5 16. Bxc4 Kh8 17. Nf4 f5 18. Ng6+ Kh7 19. Nxf8+ Qxf8 20. Qf3 Qe7 21.
e6 c6 22. Bb3 Rd8 23. Ke2 Qd6 24. Rhd1 Nxd1 25. Qxf5+ Kh8 26. Rxd1 1-0

[Event "Chess24 Banter Blitz Cup"]
[Site "chess24.com INT"]
[Date "2020.02.28"]
[Round "2.5"]
[White "Oleksiyenko, Mykhaylo"]
[Black "Firouzja, Alireza"]
[Result "1-0"]
[WhiteTitle "GM"]
[BlackTitle "GM"]
[WhiteElo "2594"]
[BlackElo "2702"]
[WhiteFideId "4152417"]
[BlackFideId "12573981"]
[EventDate "2019.09.25"]
[EventType "blitz"]

1. Nf3 c5 2. e4 Nf6 3. Nc3 d5 4. Bb5+ Bd7 5. e5 Bxb5 6. Nxb5 Qb6 7. exf6 Qxb5 8.
fxe7 Bxe7 9. Qe2 Qxe2+ 10. Kxe2 O-O 11. Re1 Nc6 12. Kf1 Bf6 13. c3 d4 14. cxd4
Nxd4 15. Nxd4 Bxd4 16. Rb1 Rfe8 17. b3 Rxe1+ 18. Kxe1 Re8+ 19. Kf1 f6 20. Bb2
Bxb2 21. Rxb2 Kf7 22. Rc2 b5 23. Rxc5 a6 24. Rc6 a5 25. Rc5 Rb8 26. a4 bxa4 27.
bxa4 Ra8 28. h4 Rd8 29. Ke2 Rd4 30. Rxa5 Rxh4 31. Ra8 h5 32. a5 Ra4 33. a6 g5
34. a7 Kg7 35. d4 Ra2+ 36. Kf3 Ra3+ 37. Ke4 h4 38. d5 g4 39. d6 h3 40. d7 hxg2
41. d8=Q g1=Q 42. Qg8+ Kh6 43. Qh8+ Kg6 44. Rg8+ Kf7 45. Rf8+ 1-0

[Event "Chess24 Banter Blitz Cup"]
[Site "chess24.com INT"]
[Date "2020.02.28"]
[Round "2.6"]
[White "Firouzja, Alireza"]
[Black "Oleksiyenko, Mykhaylo"]
[Result "1-0"]
[WhiteTitle "GM"]
[BlackTitle "GM"]
[WhiteElo "2702"]
[BlackElo "2594"]
[WhiteFideId "12573981"]
[BlackFideId "4152417"]
[EventDate "2019.09.25"]
[EventType "blitz"]

1. Nh3 g6 2. g3 Bg7 3. Bg2 d5 4. O-O c6 5. d4 Nf6 6. Nf4 O-O 7. c4 e6 8. b3 b6
9. Ba3 Re8 10. Nd2 Bb7 11. Rc1 Nbd7 12. e4 dxe4 13. Nxe4 Nxe4 14. Bxe4 Nf6 15.
Bg2 Rc8 16. Re1 Qc7 17. d5 exd5 18. Rxe8+ Rxe8 19. cxd5 c5 20. b4 Nd7 21. d6 Qb8
22. Bxb7 Qxb7 23. bxc5 bxc5 24. Bxc5 Ne5 25. Qd5 Qxd5 26. Nxd5 Nd3 27. d7 Rd8
28. Be7 Rxd7 29. Rc8+ Bf8 30. Bxf8 Rxd5 31. Bh6+ Rd8 32. Rxd8# 1-0

[Event "Chess24 Banter Blitz Cup"]
[Site "chess24.com INT"]
[Date "2020.02.28"]
[Round "2.7"]
[White "Oleksiyenko, Mykhaylo"]
[Black "Firouzja, Alireza"]
[Result "1-0"]
[WhiteTitle "GM"]
[BlackTitle "GM"]
[WhiteElo "2594"]
[BlackElo "2702"]
[WhiteFideId "4152417"]
[BlackFideId "12573981"]
[EventDate "2019.09.25"]
[EventType "blitz"]

1. d4 g6 2. e4 Bg7 3. f4 d5 4. e5 h5 5. Nf3 Bg4 6. Nbd2 e6 7. h3 Bxf3 8. Nxf3 h4
9. Be3 Ne7 10. Bf2 Nf5 11. Bd3 Nc6 12. Bxf5 gxf5 13. O-O Bf8 14. b3 Be7 15. c4
Qd7 16. a3 O-O-O 17. c5 Rdg8 18. Kh2 f6 19. b4 fxe5 20. dxe5 Rg7 21. Rg1 Nd8 22.
a4 Nf7 23. b5 Nh6 24. Bd4 Ng4+ 25. Kh1 Qe8 26. Rc1 c6 27. Qe2 Bd8 28. bxc6 Qxc6
29. Rb1 Nh6 30. Bf2 Qxa4 31. Nd4 Qe8 32. c6 b6 33. Qa6+ Kb8 34. Rgc1 Rhh7 35.
Rc2 Rc7 36. Rbc1 Rcg7 37. Nb5 Rc7 1-0

[Event "Chess24 Banter Blitz Cup"]
[Site "chess24.com INT"]
[Date "2020.02.28"]
[Round "2.8"]
[White "Firouzja, Alireza"]
[Black "Oleksiyenko, Mykhaylo"]
[Result "1-0"]
[WhiteTitle "GM"]
[BlackTitle "GM"]
[WhiteElo "2702"]
[BlackElo "2594"]
[WhiteFideId "12573981"]
[BlackFideId "4152417"]
[EventDate "2019.09.25"]
[EventType "blitz"]

1. Nf3 Nf6 2. c3 d5 3. d4 c6 4. Qc2 g6 5. Nbd2 Bf5 6. Qb3 Qb6 7. Nh4 Qxb3 8.
axb3 Bc8 9. b4 a6 10. Nb3 Nbd7 11. Nf3 Bg7 12. Bf4 Nh5 13. Bc7 O-O 14. e3 f6 15.
g4 e5 16. gxh5 e4 17. Nfd2 f5 18. hxg6 hxg6 19. Rg1 1-0

[Event "Chess24 Banter Blitz Cup"]
[Site "chess24.com INT"]
[Date "2020.02.28"]
[Round "2.9"]
[White "Oleksiyenko, Mykhaylo"]
[Black "Firouzja, Alireza"]
[Result "0-1"]
[WhiteTitle "GM"]
[BlackTitle "GM"]
[WhiteElo "2594"]
[BlackElo "2702"]
[WhiteFideId "4152417"]
[BlackFideId "12573981"]
[EventDate "2019.09.25"]
[EventType "blitz"]

1. d4 d5 2. Nf3 Bg4 3. e3 Nf6 4. h3 Bxf3 5. Qxf3 Nc6 6. c3 e5 7. Bb5 Bd6 8. dxe5
Bxe5 9. Nd2 O-O 10. Qe2 Ne7 11. Nf3 Bd6 12. O-O Ng6 13. b3 c6 14. Bd3 Re8 15.
Qc2 Bc7 16. a4 Bb8 17. g3 Bd6 18. Kg2 Ne5 19. Nxe5 Bxe5 20. Bb2 Qe7 21. Rad1
Rad8 22. Rfe1 Qc7 23. Be2 g6 24. Bf3 h5 25. h4 a6 26. c4 dxc4 27. Bxe5 Qxe5 28.
Qxc4 a5 29. b4 Kg7 30. bxa5 Qxa5 31. Rxd8 Rxd8 32. Rb1 Rd7 33. Qb4 Qf5 34. Qb2
Rd2 35. Qxd2 Qxb1 36. a5 Qb5 37. Qc3 Qf5 38. Qb2 Qxa5 39. Qxb7 c5 40. Qb2 c4 41.
Qc3 Qxc3 0-1

[Event "Chess24 Banter Blitz Cup"]
[Site "chess24.com INT"]
[Date "2020.02.28"]
[Round "2.10"]
[White "Firouzja, Alireza"]
[Black "Oleksiyenko, Mykhaylo"]
[Result "1-0"]
[WhiteTitle "GM"]
[BlackTitle "GM"]
[WhiteElo "2702"]
[BlackElo "2594"]
[WhiteFideId "12573981"]
[BlackFideId "4152417"]
[EventDate "2019.09.25"]
[EventType "blitz"]

1. Nf3 d5 2. d4 Nf6 3. Nbd2 c6 4. b4 e6 5. a3 a5 6. Rb1 axb4 7. axb4 b5 8. e3
Be7 9. Bd3 O-O 10. e4 dxe4 11. Nxe4 Nbd7 12. O-O Nd5 13. c3 f5 14. Neg5 N7f6 15.
Qe1 Qd6 16. Ne5 h6 17. Ngf3 Re8 18. c4 bxc4 19. Nxc4 Qc7 20. Nfe5 Rb8 21. Bd2
Ba6 22. f3 Bxc4 23. Bxc4 Kh7 24. Bd3 Rb6 25. g4 g6 26. Nxg6 Kxg6 27. Qxe6 Kg7
28. Qxf5 Bf8 29. Rfe1 Rbb8 30. Bxh6+ Kh8 31. Bg5 Rxe1+ 32. Rxe1 Qg7 33. Re6 Re8
34. Bxf6 Nxf6 35. Rxe8 Nxe8 36. Qh5+ Qh6 37. Qxe8 Qc1+ 38. Bf1 Qd2 39. Qxf8+ 1-0